Statistics for Flags of Europe in 1935

Click here to take the quiz!

General Stats

  • This quiz has been taken 167 times
  • The average score is 32 of 35

Answer Stats

Answer% Correct
France
100%
United Kingdom
100%
Germany
98%
Soviet Union
98%
Italy
97%
Belgium
96%
Netherlands
96%
Ireland
95%
Luxembourg
95%
Denmark
94%
Norway
94%
Portugal
94%
Switzerland
94%
Albania
93%
Estonia
93%
Finland
93%
Poland
93%
Sweden
93%
Czechoslovakia
92%
Iceland
92%
Latvia
92%
Bulgaria
91%
Lithuania
91%
Romania
91%
Austria
90%
Hungary
90%
Vatican City
90%
San Marino
88%
Spain
88%
Monaco
86%
Greece
83%
Liechtenstein
82%
Yugoslavia
77%
Andorra
69%
Danzig
62%

Score Distribution

Percentile by Number Answered

Percent of People with Each Score

Your Score History

You have not taken this quiz